[Event "ROU-ch Women 2021"]
[Site "Iasi"]
[Date "2021.04.20"]
[Round "3.6"]
[White "Marcu, Daria-Ana"]
[Black "Pirvan, Maria"]
[Result "0-1"]
[WhiteElo "1533"]
[BlackElo "1529"]
[Annotator "NA RC"]
[PlyCount "57"]
[EventDate "2021.04.19"]
[EventType "swiss"]
[EventCountry "ROU"]
[SourceTitle "playchess.com"]
[Source "ChessBase"]
[SourceQuality "1"]
[TimeControl "5400+30"]

1. e4 {[%emt 0:00:00]} c5 {[%emt 0:00:00]} 2. Nf3 {[%emt 0:00:00]} Nc6 {[%emt 0:00:00]} 3. d4 {[%emt 0:00:00]} cxd4 {[%emt 0:00:00]} 4. Nxd4 {[%emt 0:00:00]} Nf6 {[%emt 0:00:00]} 5. Nc3 {[%emt 0:00:02]} e5 {[%emt 0:00:00]} 6. Ndb5 {[%emt 0:00:06]} d6 {[%emt 0:00:00]} 7. Bg5 {[%emt 0:00:14]} a6 {[%emt 0:00:04]} 8. Na3 {[%emt 0:00:06]} b5 {[%emt 0:00:05]} 9. Nd5 {[%emt 0:00:20]} Be7 {[%emt 0:00:03]} 10. Bxf6 {[%emt 0:00:14]} Bxf6 {[%emt 0:00:03]} 11. c3 {[%emt 0:00:11]} Rb8 {[%emt 0:00:05]} 12. Be2 {[%emt 0:00:24]} O-O {[%emt 0:00:11]} 13. Nc2 {[%emt 0:00:07]} Bg5 {[%emt 0:00:09]} 14. O-O {[%emt 0:00:12]} Be6 {[%emt 0:00:06]} 15. Ncb4 {[%emt 0:00:48]} Nxb4 {[%emt 0:02:45]} 16. Nxb4 {[%emt 0:00:10]} Qb6 {[%emt 0:00:20]} 17. a4 {[%emt 0:01:34]} a5 {[%emt 0:10:25]} 18. Nd3 {[%emt 0:00:43]} bxa4 {[%emt 0:09:57]} 19. Qxa4 {[%emt 0:01:43]} Ra8 {[%emt 0:08:32]} 20. Ra3 {[%emt 0:16:07]} Rfb8 {[%emt 0:10:38]} 21. Qd1 {[%emt 0:16:13]} Bb3 {[%emt 0:21:34]} 22. Qa1 {[%emt 0:01:17]} Be7 {[%emt 0:03:25]} 23. Nc1 {[%emt 0:02:27]} Bc2 {[%emt 0:05:21]} 24. b4 {[%emt 0:02:58]} Bxe4 {[%emt 0:01:46]} 25. bxa5 {[%emt 0:01:40]} Qc6 {[%emt 0:04:21]} 26. a6 {[%emt 0:02:15]} Bxg2 {[%emt 0:03:55]} 27. Rd1 {[%emt 0:05:59]} Bh3 {[%emt 0:02:21]} 28. Bf1 {[%emt 0:01:47]} Qf3 {[%emt 0:03:57]} 29. Rd3 {[%emt 0:00:43]} 0-1

[Event "ROU-ch Women 2021"]
[Site "Iasi"]
[Date "2021.04.21"]
[Round "4.1"]
[White "Obada, Ema"]
[Black "Ciolacu, Alessia-Mihaela"]
[Result "1-0"]
[WhiteElo "1940"]
[BlackElo "2052"]
[Annotator "ChessBase"]
[PlyCount "85"]
[EventDate "2021.04.19"]
[EventType "swiss"]
[EventCountry "ROU"]
[SourceTitle "playchess.com"]
[Source "ChessBase"]
[SourceQuality "1"]
[TimeControl "5400+30"]

1. e4 {[%emt 0:00:00]} e5 {[%emt 0:00:00]} 2. Nf3 {[%emt 0:00:00]} Nc6 {[%emt 0:00:00]} 3. Bb5 {[%emt 0:00:00]} a6 {[%emt 0:00:00]} 4. Ba4 {[%emt 0:00:00]} Nf6 {[%emt 0:00:00]} 5. d3 {[%emt 0:00:00]} d6 {[%emt 0:00:02]} 6. c3 {[%emt 0:00:00]} g6 {[%emt 0:00:10]} 7. O-O {[%emt 0:00:08]} Bg7 {[%emt 0:00:06]} 8. Re1 {[%emt 0:00:17]} O-O {[%emt 0:00:24]} 9. h3 {[%emt 0:03:54]} b5 {[%emt 0:00:30]} 10. Bc2 {[%emt 0:00:10]} Bb7 {[%emt 0:00:34]} 11. Bg5 {[%emt 0:01:21]} h6 {[%emt 0:00:56]} 12. Bh4 {[%emt 0:00:32]} Nb8 {[%emt 0:03:01]} 13. d4 {[%emt 0:05:28]} Nbd7 {[%emt 0:01:50]} 14. Nbd2 {[%emt 0:01:11]} c5 {[%emt 0:00:43]} 15. Nf1 {[%emt 0:02:01]} Qc7 {[%emt 0:02:08]} 16. a4 {[%emt 0:07:41]} Rfe8 {[%emt 0:05:07]} 17. dxe5 {[%emt 0:02:39]} dxe5 {[%emt 0:03:50]} 18. N3h2 {[%emt 0:04:40]} c4 {[%emt 0:04:53]} 19. Qf3 {[%emt 0:01:24]} Nh5 {[%emt 0:10:00]} 20. Ne3 {[%emt 0:06:08]} Nf4 {[%emt 0:05:00]} 21. Bg3 {[%emt 0:06:53]} Nd3 {[%emt 0:12:50]} 22. Bxd3 {[%emt 0:00:39]} cxd3 {[%emt 0:00:02]} 23. Nd5 {[%emt 0:03:04]} Bxd5 {[%emt 0:03:15]} 24. exd5 {[%emt 0:00:07]} Qc4 {[%emt 0:00:35]} 25. axb5 {[%emt 0:18:20]} axb5 {[%emt 0:03:52]} 26. Rxa8 {[%emt 0:00:14]} Rxa8 {[%emt 0:00:01]} 27. Nf1 {[%emt 0:00:21]} f5 {[%emt 0:22:44]} 28. Nd2 {[%emt 0:08:06]} Qc5 {[%emt 0:01:08]} 29. Qxd3 {[%emt 0:02:12]} e4 {[%emt 0:00:07]} 30. Qe2 {[%emt 0:04:03]} Qxd5 {[%emt 0:01:03]} 31. f3 {[%emt 0:01:02]} exf3 {[%emt 0:07:03]} 32. Nxf3 {[%emt 0:00:47]} Nf6 {[%emt 0:00:39]} 33. Rd1 {[%emt 0:06:23]} Qe4 {[%emt 0:01:52]} 34. Qxb5 {[%emt 0:00:42]} Qc2 {[%emt 0:03:31]} 35. Re1 {[%emt 0:02:40]} Rd8 {[%emt 0:01:16]} 36. Qe2 {[%emt 0:00:43]} Qa4 {[%emt 0:00:53]} 37. Qe6+ {[%emt 0:00:31]} Kh7 {[%emt 0:00:15]} 38. Ne5 {[%emt 0:02:41]} f4 {[%emt 0:02:12]} 39. Bf2 {[%emt 0:00:46]} Qc2 {[%emt 0:00:22]} 40. Bd4 {[%emt 0:01:25]} Qxb2 {[%emt 0:04:20]} 41. Nc4 {[%emt 0:00:48]} Qb5 {[%emt 0:02:41]} 42. Bxf6 {[%emt 0:00:15]} Bxf6 {[%emt 0:00:26]} 43. Qxf6 {[%emt 0:00:06]} 1-0

[Event "ROU-ch Women 2021"]
[Site "Iasi"]
[Date "2021.04.21"]
[Round "4.2"]
[White "Peptan, Corina-Isabela"]
[Black "Maria, Lia-Alexandra"]
[Result "1-0"]
[WhiteElo "2392"]
[BlackElo "1713"]
[Annotator "ChessBase"]
[PlyCount "79"]
[EventDate "2021.04.19"]
[EventType "swiss"]
[EventCountry "ROU"]
[SourceTitle "playchess.com"]
[Source "ChessBase"]
[SourceQuality "1"]
[TimeControl "5400+30"]

1. d4 {[%emt 0:00:00]} Nf6 {[%emt 0:00:00]} 2. c4 {[%emt 0:00:10]} e6 {[%emt 0:00:00]} 3. g3 {[%emt 0:05:16]} c5 4. Nf3 {[%emt 0:05:31]} b6 {[%emt 0:12:42]} 5. d5 {[%emt 0:00:30]} exd5 {[%emt 0:00:30]} 6. cxd5 {[%emt 0:00:09]} d6 {[%emt 0:04:49]} 7. Nc3 {[%emt 0:00:24]} Nbd7 {[%emt 0:03:04]} 8. Bg2 {[%emt 0:02:08]} g6 {[%emt 0:03:24]} 9. O-O {[%emt 0:14:18]} a6 {[%emt 0:03:29]} 10. a4 {[%emt 0:00:28]} Bg7 {[%emt 0:00:52]} 11. Nd2 {[%emt 0:13:50]} Bb7 {[%emt 0:03:08]} 12. Qb3 {[%emt 0:11:48]} O-O {[%emt 0:01:49]} 13. Nc4 {[%emt 0:00:02]} Ne8 {[%emt 0:06:13]} 14. Bf4 {[%emt 0:01:02]} Be5 {[%emt 0:01:20]} 15. Bxe5 {[%emt 0:07:27]} dxe5 {[%emt 0:00:22]} 16. Rfd1 {[%emt 0:00:33]} Kg7 {[%emt 0:05:24]} 17. Ne4 {[%emt 0:09:06]} Qc7 {[%emt 0:02:47]} 18. d6 {[%emt 0:05:51]} Qc6 {[%emt 0:03:12]} 19. Ne3 {[%emt 0:00:17]} Qc8 {[%emt 0:06:43]} 20. Nd5 {[%emt 0:01:29]} c4 {[%emt 0:02:30]} 21. Qc3 {[%emt 0:00:45]} Bxd5 {[%emt 0:01:41]} 22. Rxd5 {[%emt 0:00:07]} h6 {[%emt 0:01:53]} 23. Rc1 {[%emt 0:01:03]} f5 {[%emt 0:05:02]} 24. Rxe5 {[%emt 0:00:30]} Nxe5 {[%emt 0:01:16]} 25. Qxe5+ {[%emt 0:00:02]} Kg8 {[%emt 0:02:16]} 26. Qd5+ {[%emt 0:03:57]} Rf7 {[%emt 0:02:43]} 27. d7 {[%emt 0:03:35]} Qxd7 {[%emt 0:01:12]} 28. Qxa8 {[%emt 0:00:11]} fxe4 {[%emt 0:00:33]} 29. Qxe4 {[%emt 0:00:03]} Kh7 {[%emt 0:01:39]} 30. Qxc4 {[%emt 0:00:03]} b5 {[%emt 0:01:35]} 31. axb5 {[%emt 0:00:07]} axb5 {[%emt 0:00:30]} 32. Qb3 {[%emt 0:00:30]} Nd6 {[%emt 0:03:42]} 33. Bd5 {[%emt 0:02:46]} Rf6 {[%emt 0:01:15]} 34. Qd3 {[%emt 0:01:58]} Qa7 {[%emt 0:02:20]} 35. e3 {[%emt 0:00:07]} Qe7 {[%emt 0:01:34]} 36. Qc3 {[%emt 0:01:46]} Qf8 37. Qc7+ {[%emt 0:01:56]} Nf7 {[%emt 0:01:22]} 38. Ra1 {[%emt 0:01:42]} h5 39. Ra7 {[%emt 0:05:29]} Qb4 {[%emt 0:06:21]} 40. Qc3 {[%emt 0:00:49]} 1-0

[Event "ROU-ch Women 2021"]
[Site "Iasi"]
[Date "2021.04.21"]
[Round "4.3"]
[White "Lehaci, Miruna-Daria"]
[Black "Cosman, Andreea-Marioara"]
[Result "1-0"]
[WhiteElo "2188"]
[BlackElo "2164"]
[Annotator "ChessBase"]
[PlyCount "83"]
[EventDate "2021.04.19"]
[EventType "swiss"]
[EventCountry "ROU"]
[SourceTitle "playchess.com"]
[Source "ChessBase"]
[SourceQuality "1"]
[TimeControl "5400+30"]

1. e4 {[%emt 0:00:00]} c5 {[%emt 0:02:37]} 2. Nf3 {[%emt 0:00:00]} d6 {[%emt 0:00:10]} 3. d4 {[%emt 0:00:00]} cxd4 {[%emt 0:00:06]} 4. Nxd4 {[%emt 0:00:00]} Nf6 {[%emt 0:00:05]} 5. Nc3 {[%emt 0:00:00]} a6 {[%emt 0:00:04]} 6. Be2 {[%emt 0:00:00]} e5 {[%emt 0:00:06]} 7. Nf3 {[%emt 0:00:00]} Qc7 {[%emt 0:01:17]} 8. Bg5 {[%emt 0:01:34]} Nbd7 {[%emt 0:01:43]} 9. a4 {[%emt 0:01:11]} b6 {[%emt 0:01:41]} 10. Nd2 {[%emt 0:10:08]} Bb7 {[%emt 0:05:39]} 11. Bf3 {[%emt 0:02:07]} Rc8 {[%emt 0:02:46]} 12. O-O {[%emt 0:02:23]} Be7 {[%emt 0:08:21]} 13. Qe2 {[%emt 0:04:15]} O-O {[%emt 0:04:22]} 14. Rfd1 {[%emt 0:02:07]} h6 {[%emt 0:12:42]} 15. Be3 {[%emt 0:01:48]} Rfe8 {[%emt 0:06:59]} 16. Nf1 {[%emt 0:07:28]} Bf8 {[%emt 0:04:25]} 17. Ng3 {[%emt 0:13:15]} g6 {[%emt 0:00:09]} 18. h4 {[%emt 0:02:29]} h5 {[%emt 0:01:52]} 19. Qd2 {[%emt 0:06:31]} Kh7 {[%emt 0:06:04]} 20. Bg5 {[%emt 0:00:24]} Qc6 {[%emt 0:07:32]} 21. Nf1 {[%emt 0:10:04]} Ng8 {[%emt 0:02:44]} 22. Qe2 {[%emt 0:06:54]} Qc4 {[%emt 0:11:39]} 23. Qe1 {[%emt 0:01:18]} Qb4 {[%emt 0:01:56]} 24. Bd2 {[%emt 0:06:59]} Bh6 {[%emt 0:03:30]} 25. Ne3 {[%emt 0:00:29]} Bxe3 {[%emt 0:01:18]} 26. Qxe3 {[%emt 0:00:04]} Qc5 {[%emt 0:02:06]} 27. Qd3 {[%emt 0:00:21]} Re6 {[%emt 0:03:10]} 28. Be3 {[%emt 0:09:58]} Qc4 {[%emt 0:00:37]} 29. Qd2 {[%emt 0:02:01]} Ngf6 {[%emt 0:00:37]} 30. Be2 {[%emt 0:00:31]} Qc7 {[%emt 0:01:59]} 31. f3 {[%emt 0:00:12]} d5 {[%emt 0:04:11]} 32. exd5 {[%emt 0:00:34]} Rd6 {[%emt 0:00:12]} 33. Bd3 {[%emt 0:02:58]} Nxd5 {[%emt 0:00:50]} 34. Ne4 {[%emt 0:00:06]} Rc6 {[%emt 0:01:47]} 35. Ng5+ {[%emt 0:00:45]} Kg8 {[%emt 0:01:17]} 36. Be4 {[%emt 0:00:41]} Nxe3 {[%emt 0:00:25]} 37. Bxc6 {[%emt 0:02:59]} Nxd1 {[%emt 0:00:31]} 38. Bxd7 {[%emt 0:00:09]} Rd8 {[%emt 0:00:56]} 39. Rxd1 {[%emt 0:00:04]} Qc5+ {[%emt 0:00:34]} 40. Kh1 {[%emt 0:00:54]} Qc4 {[%emt 0:00:18]} 41. Ne4 {[%emt 0:03:00]} Bc6 {[%emt 0:00:37]} 42. Qg5 {[%emt 0:00:49]} 1-0

[Event "ROU-ch Women 2021"]
[Site "Iasi"]
[Date "2021.04.21"]
[Round "4.4"]
[White "Marcu, Daria-Ana"]
[Black "Sandu, Mihaela"]
[Result "0-1"]
[WhiteElo "1533"]
[BlackElo "2268"]
[Annotator "NA"]
[PlyCount "66"]
[EventDate "2021.04.19"]
[EventType "swiss"]
[EventCountry "ROU"]
[SourceTitle "playchess.com"]
[Source "ChessBase"]
[SourceQuality "1"]
[TimeControl "5400+30"]

1. e4 {[%emt 0:00:00]} c5 {[%emt 0:00:00]} 2. Nf3 {[%emt 0:00:00]} d6 {[%emt 0:00:00]} 3. d4 {[%emt 0:00:00]} cxd4 {[%emt 0:00:00]} 4. Nxd4 {[%emt 0:00:00]} Nf6 {[%emt 0:00:00]} 5. Nc3 {[%emt 0:00:00]} a6 {[%emt 0:00:00]} 6. Be3 {[%emt 0:00:05]} b5 {[%emt 0:01:02]} 7. a3 {[%emt 0:00:30]} Bb7 {[%emt 0:00:15]} 8. f3 {[%emt 0:00:36]} Nbd7 {[%emt 0:01:00]} 9. Qd2 {[%emt 0:01:22]} Rc8 {[%emt 0:04:29]} 10. g4 {[%emt 0:04:44]} Ne5 {[%emt 0:00:59]} 11. Be2 {[%emt 0:00:17]} Nfd7 {[%emt 0:08:53]} 12. Nb3 {[%emt 0:05:48]} e6 {[%emt 0:03:14]} 13. O-O-O {[%emt 0:00:55]} Be7 {[%emt 0:01:10]} 14. f4 {[%emt 0:02:14]} Nc4 {[%emt 0:00:22]} 15. Bxc4 {[%emt 0:00:25]} bxc4 {[%emt 0:06:43]} 16. Nd4 {[%emt 0:01:14]} Nc5 {[%emt 0:00:35]} 17. Rhg1 {[%emt 0:04:22]} Nxe4 {[%emt 0:02:05]} 18. Nxe4 {[%emt 0:00:33]} Bxe4 {[%emt 0:00:03]} 19. Qc3 {[%emt 0:03:14]} O-O {[%emt 0:02:59]} 20. h4 {[%emt 0:04:17]} Qd7 {[%emt 0:14:27]} 21. h5 {[%emt 0:03:01]} f6 {[%emt 0:00:33]} 22. h6 {[%emt 0:02:50]} g6 {[%emt 0:07:25]} 23. f5 {[%emt 0:13:02]} e5 {[%emt 0:08:20]} 24. Ne6 {[%emt 0:02:29]} d5 {[%emt 0:00:22]} 25. Nxf8 {[%emt 0:24:09]} Bxf8 {[%emt 0:01:02]} 26. Bd2 {[%emt 0:01:59]} Qa4 {[%emt 0:23:55]} 27. Be3 {[%emt 0:18:18]} Rd8 {[%emt 0:00:05]} 28. Qd2 {[%emt 0:04:52]} Bxa3 {[%emt 0:01:05]} 29. Qc3 {[%emt 0:02:22]} Bb4 {[%emt 0:00:57]} 30. b3 {[%emt 0:00:32]} Qa5 {[%emt 0:00:39]} 31. Qb2 {[%emt 0:00:25]} c3 {[%emt 0:00:51]} 32. Qb1 {[%emt 0:00:09]} Qa3+ {[%emt 0:00:17]} 33. Qb2 {[%emt 0:00:08]} Qxb2# {[%emt 0:00:08]} 0-1

[Event "ROU-ch Women 2021"]
[Site "Iasi"]
[Date "2021.04.21"]
[Round "4.5"]
[White "Pancu, Aureliana-Eugenia"]
[Black "Andries, Alexia"]
[Result "1-0"]
[WhiteElo "1878"]
[BlackElo "1553"]
[Annotator "NA"]
[PlyCount "79"]
[EventDate "2021.04.19"]
[EventType "swiss"]
[EventCountry "ROU"]
[SourceTitle "playchess.com"]
[Source "ChessBase"]
[SourceQuality "1"]
[TimeControl "5400+30"]

1. e4 {[%emt 0:00:00]} c5 {[%emt 0:00:00]} 2. d3 {[%emt 0:00:00]} e6 {[%emt 0:00:00]} 3. Nf3 {[%emt 0:00:00]} Nc6 {[%emt 0:00:39]} 4. g3 {[%emt 0:00:28]} d5 {[%emt 0:02:11]} 5. Nbd2 {[%emt 0:00:14]} Bd6 {[%emt 0:00:51]} 6. Bg2 {[%emt 0:00:21]} Nf6 {[%emt 0:01:56]} 7. O-O {[%emt 0:00:22]} O-O {[%emt 0:00:04]} 8. Re1 {[%emt 0:00:45]} Qc7 {[%emt 0:01:32]} 9. Qe2 {[%emt 0:02:51]} e5 {[%emt 0:04:47]} 10. exd5 {[%emt 0:05:22]} Nxd5 {[%emt 0:00:07]} 11. c3 {[%emt 0:00:19]} Bf5 {[%emt 0:03:55]} 12. Ng5 {[%emt 0:06:48]} Nf6 {[%emt 0:01:11]} 13. Nde4 {[%emt 0:03:20]} Be7 {[%emt 0:07:30]} 14. Nxf6+ {[%emt 0:00:40]} Bxf6 {[%emt 0:00:10]} 15. Ne4 {[%emt 0:00:05]} Be7 {[%emt 0:00:59]} 16. Be3 {[%emt 0:01:18]} b6 {[%emt 0:03:48]} 17. h4 {[%emt 0:06:24]} Be6 {[%emt 0:02:44]} 18. Ng5 {[%emt 0:00:40]} Bxg5 {[%emt 0:00:35]} 19. Bxg5 {[%emt 0:00:59]} f6 {[%emt 0:00:05]} 20. Be3 {[%emt 0:01:04]} Rad8 {[%emt 0:00:32]} 21. Rac1 {[%emt 0:27:11]} Bd5 {[%emt 0:02:39]} 22. Bh3 {[%emt 0:00:52]} f5 {[%emt 0:03:17]} 23. b4 {[%emt 0:04:19]} f4 {[%emt 0:01:53]} 24. Bd2 {[%emt 0:07:20]} fxg3 {[%emt 0:03:23]} 25. fxg3 {[%emt 0:00:02]} Bf3 {[%emt 0:00:10]} 26. Qe3 {[%emt 0:07:20]} e4 {[%emt 0:00:07]} 27. Qg5 {[%emt 0:00:42]} h6 {[%emt 0:00:35]} 28. Bf4 {[%emt 0:00:34]} hxg5 {[%emt 0:00:45]} 29. Bxc7 {[%emt 0:00:02]} Rxd3 {[%emt 0:00:09]} 30. hxg5 {[%emt 0:02:54]} cxb4 {[%emt 0:00:12]} 31. cxb4 {[%emt 0:02:43]} Nxb4 {[%emt 0:00:09]} 32. Bf4 {[%emt 0:00:44]} Nxa2 {[%emt 0:00:13]} 33. Be6+ {[%emt 0:00:09]} Kh7 {[%emt 0:00:06]} 34. Bxa2 {[%emt 0:00:13]} b5 {[%emt 0:01:30]} 35. Rc6 {[%emt 0:02:10]} Rfd8 {[%emt 0:05:24]} 36. g6+ {[%emt 0:00:16]} Kh8 {[%emt 0:00:14]} 37. Rc2 {[%emt 0:00:41]} R3d5 {[%emt 0:01:28]} 38. Bxd5 {[%emt 0:00:15]} Rxd5 {[%emt 0:00:05]} 39. Rc8+ {[%emt 0:00:12]} Rd8 {[%emt 0:00:17]} 40. Rxd8# {[%emt 0:00:47]} 1-0

[Event "ROU-ch Women 2021"]
[Site "Iasi"]
[Date "2021.04.21"]
[Round "4.6"]
[White "Anghel, Maria"]
[Black "Pirvan, Maria"]
[Result "1-0"]
[WhiteElo "1918"]
[BlackElo "1529"]
[Annotator "NA"]
[PlyCount "85"]
[EventDate "2021.04.19"]
[EventType "swiss"]
[EventCountry "ROU"]
[SourceTitle "playchess.com"]
[Source "ChessBase"]
[SourceQuality "1"]
[TimeControl "5400+30"]

1. d4 {[%emt 0:00:00]} d5 {[%emt 0:00:00]} 2. c4 {[%emt 0:00:00]} e6 {[%emt 0:00:00]} 3. Nc3 {[%emt 0:00:00]} c5 {[%emt 0:00:00]} 4. cxd5 {[%emt 0:00:36]} exd5 {[%emt 0:00:00]} 5. Nf3 {[%emt 0:00:16]} Nc6 {[%emt 0:00:01]} 6. g3 {[%emt 0:01:49]} c4 {[%emt 0:00:24]} 7. Bg2 {[%emt 0:03:55]} Bb4 {[%emt 0:00:11]} 8. O-O {[%emt 0:05:23]} Nge7 {[%emt 0:10:55]} 9. e4 {[%emt 0:19:44]} Bxc3 {[%emt 0:02:25]} 10. bxc3 {[%emt 0:00:07]} O-O {[%emt 0:12:00]} 11. a4 {[%emt 0:08:05]} Bg4 {[%emt 0:14:01]} 12. Qc2 {[%emt 0:05:02]} Qd7 {[%emt 0:10:32]} 13. Ba3 {[%emt 0:04:10]} dxe4 {[%emt 0:05:39]} 14. Qxe4 {[%emt 0:10:19]} Bf5 {[%emt 0:01:43]} 15. Qf4 {[%emt 0:04:24]} Nd5 {[%emt 0:05:48]} 16. Qd2 {[%emt 0:01:57]} Rfe8 {[%emt 0:04:50]} 17. Rfe1 {[%emt 0:02:32]} f6 {[%emt 0:04:12]} 18. Qb2 {[%emt 0:13:21]} Na5 {[%emt 0:05:10]} 19. Nd2 {[%emt 0:01:45]} Rxe1+ {[%emt 0:08:04]} 20. Rxe1 {[%emt 0:00:04]} Nb6 {[%emt 0:04:48]} 21. Bb4 {[%emt 0:06:58]} Nc6 {[%emt 0:04:39]} 22. a5 {[%emt 0:00:52]} Nd5 {[%emt 0:01:23]} 23. Nxc4 {[%emt 0:00:48]} Ndxb4 {[%emt 0:00:23]} 24. cxb4 {[%emt 0:00:19]} Nxd4 {[%emt 0:02:13]} 25. a6 {[%emt 0:03:57]} Bh3 {[%emt 0:01:35]} 26. axb7 {[%emt 0:03:36]} Rb8 {[%emt 0:00:51]} 27. Bh1 {[%emt 0:01:18]} Re8 {[%emt 0:00:59]} 28. Rxe8+ {[%emt 0:02:08]} Qxe8 {[%emt 0:00:09]} 29. b8=Q {[%emt 0:00:27]} Qxb8 {[%emt 0:00:38]} 30. Qxd4 {[%emt 0:00:28]} Qxb4 {[%emt 0:00:31]} 31. Qd5+ {[%emt 0:00:21]} Kf8 {[%emt 0:00:24]} 32. Qd6+ {[%emt 0:00:40]} Qxd6 {[%emt 0:00:08]} 33. Nxd6 {[%emt 0:00:05]} Ke7 {[%emt 0:00:48]} 34. Nc4 {[%emt 0:00:58]} Be6 {[%emt 0:00:36]} 35. Na3 {[%emt 0:00:21]} a5 {[%emt 0:00:19]} 36. Kf1 {[%emt 0:00:40]} Kd6 {[%emt 0:00:18]} 37. Ke2 {[%emt 0:00:30]} Kc5 {[%emt 0:00:17]} 38. Nc2 {[%emt 0:00:29]} Kc4 {[%emt 0:00:35]} 39. Kd2 {[%emt 0:00:11]} a4 {[%emt 0:00:24]} 40. Bc6 {[%emt 0:00:22]} Kb3 {[%emt 0:01:23]} 41. Nd4+ {[%emt 0:00:13]} Kb2 {[%emt 0:00:16]} 42. Nxe6 {[%emt 0:00:10]} a3 {[%emt 0:00:02]} 43. Bd5 {[%emt 0:00:12]} 1-0

[Event "ROU-ch Women 2021"]
[Site "Iasi"]
[Date "2021.04.22"]
[Round "5.1"]
[White "Peptan, Corina-Isabela"]
[Black "Obada, Ema"]
[Result "1-0"]
[WhiteElo "2392"]
[BlackElo "1940"]
[Annotator "TA"]
[PlyCount "61"]
[EventDate "2021.04.19"]
[EventType "swiss"]
[EventCountry "ROU"]
[SourceTitle "playchess.com"]
[Source "ChessBase"]
[SourceQuality "1"]

{[%evp 15,61,6,8,8,7,-1,10,0,18,14,26,22,25,30,47,45,51,38,37,41,68,57,79,79,66,67,93,89,108,110,162,179,188,193,178,186,177,175,182,142,438,430,524,513,516,518,662,653]} 1. d4 e6 2. c4 Nf6 3. Nf3 Bb4+ 4. Bd2 Qe7 5. g3 O-O 6. Bg2 Bxd2+ 7. Nbxd2 d6 8. O-O e5 9. Qb3 {E11: Bogo-Indian.} Re8 10. e3 {[#]} h6 $146 ({Predecessor:} 10... a5 11. Rac1 Nc6 12. a3 a4 13. Qc2 Bd7 14. d5 Na5 15. Ng5 b6 16. Nge4 Nxe4 17. Bxe4 {0-1 (44) Szczepaniak,A-Steczek,M Poland 1997}) 11. Nb1 {The position is equal.} Nbd7 12. Nc3 Nf8 13. dxe5 dxe5 14. Nd5 Nxd5 15. cxd5 Nd7 16. Rac1 Nf6 17. Rfd1 Qd6 18. h3 Rb8 19. Nd2 Bd7 20. Nc4 Qe7 21. d6 cxd6 22. Nxd6 {[%mdl 64] [#] Double Attack} Red8 (22... Rf8 $16 {is a better defense.}) 23. Rc7 $18 ({But not} 23. Nxb7 $6 Be6 $14) 23... Qf8 {...Be6 is the strong threat.} 24. Nxb7 ({Don't go for} 24. Bxb7 $2 Be6 $19) 24... Be6 25. Rxd8 Rxd8 26. Qc2 Rb8 27. Na5 Bxa2 $2 {[%mdl 8192] Black cannot hold the game after this.} (27... Qd6 $16 {was worth a try.}) 28. Nc6 {White is clearly winning.} Re8 29. b3 Qa3 30. Rxa7 Bxb3 {[#] And now ...Qxa7 would win.} 31. Qc3 {Weighted Error Value: White=0.04/Black=0.37} ({Not} 31. Rxa3 Bxc2 32. Ra5 e4 $14) 1-0

[Event "ROU-ch Women 2021"]
[Site "Iasi"]
[Date "2021.04.22"]
[Round "5.2"]
[White "Ciolacu, Alessia-Mihaela"]
[Black "Lehaci, Miruna-Daria"]
[Result "1-0"]
[WhiteElo "2052"]
[BlackElo "2188"]
[Annotator "NA"]
[PlyCount "51"]
[EventDate "2021.04.19"]
[EventType "swiss"]
[EventCountry "ROU"]
[SourceTitle "playchess.com"]
[Source "ChessBase"]
[SourceQuality "1"]
[TimeControl "5400+30"]

1. d4 {[%emt 0:00:00]} e6 {[%emt 0:00:00]} 2. c4 {[%emt 0:00:00]} d5 {[%emt 0:00:00]} 3. Nc3 {[%emt 0:00:06]} Be7 {[%emt 0:00:00]} 4. cxd5 {[%emt 0:00:40]} exd5 {[%emt 0:00:00]} 5. Nf3 {[%emt 0:00:07]} Nf6 {[%emt 0:00:00]} 6. Bg5 {[%emt 0:00:21]} c6 {[%emt 0:00:04]} 7. Qc2 {[%emt 0:00:38]} g6 {[%emt 0:00:06]} 8. e3 {[%emt 0:01:23]} Bf5 {[%emt 0:00:12]} 9. Bd3 {[%emt 0:03:20]} Bxd3 {[%emt 0:00:06]} 10. Qxd3 {[%emt 0:00:01]} O-O {[%emt 0:01:43]} 11. O-O {[%emt 0:10:30]} Nbd7 {[%emt 0:03:12]} 12. Rab1 {[%emt 0:01:52]} Re8 {[%emt 0:00:34]} 13. b4 {[%emt 0:00:41]} a6 {[%emt 0:00:08]} 14. Na4 {[%emt 0:01:58]} b5 {[%emt 0:02:00]} 15. Nc5 {[%emt 0:00:15]} Nb6 {[%emt 0:00:39]} 16. Ne5 {[%emt 0:01:29]} Qc8 {[%emt 0:02:56]} 17. f4 {[%emt 0:10:50]} Ng4 {[%emt 0:05:58]} 18. Bxe7 {[%emt 0:21:39]} Rxe7 {[%emt 0:00:31]} 19. Ncd7 {[%emt 0:00:24]} Nxd7 {[%emt 0:08:36]} 20. Nxg4 {[%emt 0:00:09]} Re4 {[%emt 0:21:03]} 21. Rbc1 {[%emt 0:02:34]} Qe8 {[%emt 0:11:57]} 22. Rf3 {[%emt 0:04:47]} Rc8 {[%emt 0:03:03]} 23. Rg3 {[%emt 0:02:43]} Kh8 {[%emt 0:05:28]} 24. f5 {[%emt 0:02:56]} gxf5 {[%emt 0:06:03]} 25. Nh6 {[%emt 0:00:51]} Qe6 {[%emt 0:00:51]} 26. Rxc6 {[%emt 0:00:13]} 1-0